How Ridiculous General Knowledge #2 - Statistics

General Stats
  • This quiz has been taken 9 times
  • The average score is 8 of 11
Answer Stats
Hint Answer % Correct
How many world records have they broken? 3
100%
What is the biggest thing they have dropped on a trampoline? A Plane
88%
What other YouTuber did they team up with to build the world's strongest trampoline? Mark Rober
88%
What is the name of their 'stuntman'? Rexy
88%
What do they call a dart that goes in the outer bull (green area)? A Gerald
75%
What is the name of the dam they shot at in Switzerland? Luzzone Dam
75%
What is the nickname of their 200kg atlas stone? Nigel
75%
How high is the dam above? 165 metres
63%
What is the nickname of their 100kg thor's hammer? Clayton
63%
What did they call the giant Styrofoam block they used in a few videos? Styro Steve
38%
Where in the 'outback' did they travel to to film in late 2019? Newman, WA
13%
No matching quizzes found
Score Distribution
Percent of People with Each Score
Percentile by Number Answered
Your Score History
You have not taken this quiz